000 01219nam a2200361 i 4500
001 12081
003 KOSZ 005
005 20200630132825.0
008 950707s1969 pl f |000 0 pol d
040 _cKOSZ 005
_aKOSZ 005
_dKOSZ 005/HR
041 _apol
_beng
046 _k1969
080 _a330.322
100 1 _aFiszel, Henryk
_d(1910-1984)
_eAutor
245 1 0 _aTeoria efektywności inwestycji i jej zastosowanie /
_cHenryk Fiszel.
260 _aWarszawa :
_bPaństwowe Wydawnictwo Naukowe,
_c1969.
300 _a235 stron, 5 k.tablic luzem :
_bwykr. ;
_c21 cm.
336 _2rdacontent
_aTekst
_btxt
337 _2rdamedia
_aBez urządzenia pośrediczącego
_bn
338 _2rdacarrier
_aWolumin
_bnc
380 _aKsiążki
388 _a1901-2000
388 _a1945-1989
504 _aBibliografia
546 _aStreszczenie w języku angielskim.
658 _aGospodarka, ekonomia, finanse
650 4 _aProdukcja
650 4 _aInwestycje
650 4 _aEfektywność ekonomiczna
710 2 _aPaństwowe Wydawnictwo Naukowe
_4pbl.
856 _uhttp://koha.tu.koszalin.pl/cgi-bin/koha/opac-detail.pl?biblionumber=12081
_yKatalog online BPK
942 _cKS
_2UKD
999 _c12081
_d12081